000 00886nam a22002175i 4500
001 48607
003 ES-MaACL
005 20251120165640.0
007 t|
008 950726s1819 fr ||||1| fre d
040 _aCAM
_bspa
_cCAM
100 1 _aDestutt de Tracy, Antoine-Louis-Claude,
_d1754-1836
_9126781
245 1 0 _aCommentaire sur l'Esprit des lois de Montesquieu /
_cpar le Comte de Destutt de Tracy; suivi d'observations inédites de Condorcet sur le vingt-neuvième livre du même ouvrage...
260 _aParis :
_bTheodore Desser,
_c1819 (
_fFirmin Didot)
300 _aXV, 480 p. ;
_c21 cm.
600 1 4 _aMontesquieu, Charles-Louis de Secondat,
_cbaron de,
_d1689-1755
_982608
700 1 _aCondorcet, Jean Antoine Nicolas de Caritat,
_cmarquis de,
_d1743-1794
_9240091
852 _aES-MaACL
_jD-4856
852 _aES-MaACL
_jG-9165
999 _c48607
_d48607